000 00398nam a2200133Ia 4500
005 20260328101511.0
008 260328s9999||||xx |||||||||||||| ||und||
100 _aLe Corbusier
245 0 _aU.N. Cuartel General :
_b Aplicación Práctica de una Filosofía en el dominio de la Construcción /
_cLe Corbusier
260 _bGuillermo Kraft
300 _a97 p.
650 _aCorbusier, Le
942 _cBK
999 _c9193
_d9193